01026 2200325 4500001002100000005001500021035002000036007000300056008004100059020002200100082001500122084001700137100003400154245010600188250003100294300004600325650003200371700002800403264004800431336002100479337003000500338002300530040002200553850001200575504003300587990002000620990002000640990002000660990002000680INLIS00000000086967020220425105511 a0010-0422000313ta220421s2020 jkia gr 0 ind d a978-623-220-086-904223a304.62 a304.62 IRW g0 aIrwan Fechod1979-epengarang10aGuratan pandemi :bcatatan dari awal pandemi menuju new normal /cIrwan Fecho; penyunting, A. Fathoni aCetakan pertama, Juli 2020 axiv, 122 halaman :bfoto, gambar ;c20 cm 4aEpidemi--xaspek demografis1 aFathoni, A.epenyunting31aTangerang Selatan :bPustaka Alvabet,c2020 2rdacontentateks 2rdamediaatanpa perantara 2rdacarrieravolume aYOPDYOGbinderda aYOPDYOG aBibliografi: halaman 106-118 a43735-PD/B.2022 a43736-PD/B.2022 a43736-PD/B.2022 a43735-PD/B.2022